Etický kódex ako reflexia zmeny a jej nástroj

Dokončenie z predchádzajúceho čísla - rozvíjanie etického kódexu na pracovisku. Teória nudging (postrčenie), jej štyri kritéria. Postrčenia v priestore, konkrétne príklady. Postrčenia vyplývajúce zo sklonu k chybám (kognitíne skreslenia). Mediácia a rovesnícka mediácia, základné princípy, ciele.

Saved in:
Bibliographic Details
Main Author: Bojnák, Štefan
Format: Book Chapter
Language:Slovak
Subjects:
Tags: Add Tag
No Tags, Be the first to tag this record!

MARC

LEADER 00000naa a2200000 4500
001 0261839
005 20200129101655.7
041 0 |a slo 
044 |a SK 
245 1 0 |a Etický kódex ako reflexia zmeny a jej nástroj  |c Štefan Bojnák 
520 |a Dokončenie z predchádzajúceho čísla - rozvíjanie etického kódexu na pracovisku. Teória nudging (postrčenie), jej štyri kritéria. Postrčenia v priestore, konkrétne príklady. Postrčenia vyplývajúce zo sklonu k chybám (kognitíne skreslenia). Mediácia a rovesnícka mediácia, základné princípy, ciele. 
610 2 0 |a školy 
610 2 0 |a zariadenia školské 
610 2 0 |a kódexy etické 
610 2 0 |a mediácia 
610 2 0 |a etika 
610 2 0 |a kolektív 
610 2 0 |a vzťahy pracovné 
100 1 |a Bojnák, Štefan